10 Most Populated Countries Starting With A Vowel - Statistics

General Stats
  • This quiz has been taken 80 times
  • The average score is 8 of 10
Answer Stats
Pop Answer % Correct
1,339,180,127 India
97%
263,991,379 Indonesia
93%
324,459,463 USA
92%
66,181,585 UK
85%
44,271,041 Argentina
83%
97,553,151 Egypt
83%
104,957,286 Ethiopia
80%
81,662,788 Iran
77%
59,359,000 Italy
75%
44,222,947 Ukraine
70%
No matching quizzes found
Score Distribution
Percent of People with Each Score
Percentile by Number Answered
Your Score History
You have not taken this quiz